02331cas a2200433 450000100090000000300060000900500170001500700030003200800410003501000310007602200170010703500240012403700100014804000830015804200140024105000150025511000760027021000310034622200400037724500410041726000680045830000220052631000380054832100290058636200160061544000620063150000650069350005650075859001030132365000340142665000480146070000490150890600450155793600320160294200300163499900170166495201080168195201080178910545037AUA.120130529103007.0t|850720c19639999miufr p 0 a0eng c a 74645601 zsc 76000812  a0003-298021 a(OCoLC)ocm01780045  b49104 aMnMULScMnMULSdMBTIdNSDPdDLCdOCoLCdAIPdNSDPdAIPdOCoLCdDLCdTNJdOCoLC ansdpapcc00aBR1b.A53a2 aAndrews University.bSeventh-Day Adventist Theological Seminary.9367460 aAndrews Univ. Semin. stud. 0aAndrews University Seminary studies10aAndrews University Seminary studies. aBerrien Springs, Mich.,bAndrews University Press.cAutumn 2005 bill.c23 cm.av.: a2 issues yearly,b aFrequency varies,b1963-0 aAutumn 2005 aAndrews University Seminary studies.vVol.43, No.2936747 a"Journal of the Seventh-Day Adventist Theological Seminary." aArticles: Madaba plains project; Lintel inscription: Tall Hisban, Field M, Square 5, 2001; The theme of apocalyptic war in the dead sea scrolls; The mark of the beast as a "sign commandment" and " anti-sabbath" in the worship crisis of Revelation 12-14; Word frequencies in the book of Revelation; Structural models for world mission in the twenty-first century: An adventist perspective; Creating unity ina multicultural christian organization: Is the seventh-day adventist church effectively meeting its goal of scriptural unity? Dissertation and abstracts;  aAnnual, 1963-64; 2 no. a year, 1965-. "Journal of the Seventh-day Adventist Theological Seminary." 0aTheologyvPeriodicals.936748 0aTheological seminariesxPeriodicals.936749 aJerry Moon and John W. ReeveeEditors936750 a7bcbccserialsduencipf19gn-oclcserc aSpring 1995 (surrogate) LIC 2lcccPERhBR1i.A53a 2005 c10255d10255 00102lcc4070aAUA.1bAUA.1cPERd2013-05-29l0oBR1 .A53a 2005r2013-05-29 00:00:00w2013-05-29yPER 00102lcc4070aAUA.1bAUA.1cPERd2013-05-29l0oBR1 .A53a 2005r2013-05-29 00:00:00w2013-05-29yPER